love is embarrassing - Olivia Rodrigo (All Lyrics) - Statistics

General Stats
  • This quiz has been taken 49 times
    46 since last reset
  • The average score is 202 of 257
Answer Stats
Lyrics % Correct
a
100%
I
100%
me
100%
so
100%
some
100%
embarrassing
96%
for
96%
for,
96%
For
96%
God,
96%
love's
96%
my
96%
My
96%
as
92%
hell
92%
mean
92%
what
92%
you
92%
you,
92%
You
92%
And
88%
and
88%
don't
88%
girl
88%
high
88%
school
88%
the
88%
then
88%
be
85%
friends
85%
from
85%
fuckin'
85%
give
85%
it
85%
It
85%
Loser
85%
told
85%
was
85%
kissed
81%
like,
81%
like
81%
not
81%
now
81%
one
81%
second
81%
thing
81%
up,
81%
up
81%
were
81%
worth
81%
After
77%
in
77%
mentioning
77%
month
77%
need
77%
week
77%
weird
77%
who's
77%
could
73%
fool
73%
Just
73%
known
73%
myself
73%
myself,
73%
string
73%
bed
69%
but
69%
how
69%
I'd
69%
said
69%
space
69%
stayed
69%
stupid?
69%
When
69%
guy
65%
more,
65%
more
65%
new
65%
of
65%
version
65%
your
65%
3
62%
back
62%
doin'?
62%
everything
62%
War
62%
watch
62%
World
62%
by
58%
even
58%
found
58%
goddamn
58%
phone
58%
started
58%
Waited
58%
comin'
54%
cried
54%
crucify
54%
ex-girlfriend's
54%
never
54%
'Cause
50%
damn
50%
I'm
50%
it's
50%
keep
50%
while
50%
yeah
50%
Yeah,
50%
yeah,
50%
Over
46%
anything
42%
with
42%
bets,
38%
consoled
38%
givin'
38%
near
38%
wedding
38%
Jesus,
35%
placed
35%
marryin'
31%
out
31%
plannin'
31%
hey,
27%
hey
27%
No matching quizzes found
Score Distribution
Percent of People with Each Score
Percentile by Number Answered
Your Score History
You have not taken this quiz since the last reset